000
00247nam a22001217a 4500
003
SGT
082
_b
DAS
100
_a
DAS, P.C.
245
_a
MANURES AND FERTILIZERS
260
_b
KALYANI PUBLICATION
_c
2018
300
_a
269
942
_2
ddc
_c
BK
_0
32
999
_c
15413
_d
15413